[Event "EU-ch 25th"]
[Site "Eforie Nord"]
[Date "2025.03.26"]
[Round "11"]
[White "Dumbelovic, Novak"]
[Black "Onofrasc, Ivan"]
[Result "1/2-1/2"]
[WhiteElo "2232"]
[BlackElo "1860"]
[PlyCount "114"]
[EventDate "2025.03.15"]
[EventType "swiss"]
[EventRounds "11"]
[EventCountry "ROU"]
[SourceTitle "CB13_2025"]
[SourceDate "2025.03.26"]
[SourceVersion "1"]
[SourceVersionDate "2025.03.26"]
[SourceQuality "1"]

1. e4 c5 2. Nc3 Nc6 3. f4 d6 4. Nf3 g6 5. d4 cxd4 6. Nxd4 Bg7 7. Be3 Nf6 8. Be2 0-0 9. 0-0 Qb6 10. Qd3 Ng4 11. Nd5 Bxd4 12. Nxb6 Bxe3+ 13. Kh1 Bxb6 14. Bxg4 Bxg4 15. c3 Be6 16. b3 Rfd8 17. Rfd1 d5 18. exd5 Rxd5 19. Qxd5 Bxd5 20. Rxd5 Rd8 21. Rad1 e6 22. Rxd8+ Nxd8 23. c4 Kf8 24. c5 Bc7 25. g3 Ke7 26. Kg2 Nc6 27. a3 Ke8 28. Kf3 Ne7 29. Ke4 h5 30. b4 Nd5 31. Kd4 h4 32. Rd3 Kd7 33. Kc4 hxg3 34. hxg3 Kc6 35. a4 b6 36. b5+ Kd7 37. Rd2 bxc5 38. Kxc5 Bb6+ 39. Kc4 Ke7 40. Rh2 Kf6 41. Rd2 Kf5 42. a5 Be3 43. Rh2 Kg4 44. Rh7 Kxg3 45. Rxf7 Nxf4 46. Rg7 Kf3 47. b6 axb6 48. a6 b5+ 49. Kxb5 e5 50. Kc4 e4 51. Kb3 Kg4 52. Kc2 g5 53. Kd1 Bf2 54. Kc2 Nd5 55. Kd1 Nf4 56. Kc2 Ne6 57. Rc7 Nf4 1/2-1/2

[Event "EU-ch 25th"]
[Site "Eforie Nord"]
[Date "2025.03.19"]
[Round "5"]
[White "Katkov, Michelle"]
[Black "Dumbelovic, Novak"]
[Result "1/2-1/2"]
[WhiteElo "2063"]
[BlackElo "2232"]
[PlyCount "136"]
[EventDate "2025.03.15"]
[EventType "swiss"]
[EventRounds "11"]
[EventCountry "ROU"]
[SourceTitle "CB13_2025"]
[SourceDate "2025.03.26"]
[SourceVersion "1"]
[SourceVersionDate "2025.03.26"]
[SourceQuality "1"]

1. e4 c5 2. Nf3 d6 3. Bb5+ Nd7 4. a4 a6 5. Be2 Ngf6 6. Nc3 b6 7. d4 cxd4 8. Qxd4 Bb7 9. 0-0 e6 10. Rd1 Be7 11. Nd2 0-0 12. Nc4 d5 13. exd5 exd5 14. Nd2 Bc5 15. Qf4 d4 16. Nce4 Nd5 17. Qg3 Qe7 18. Bd3 Nb4 19. Nxc5 Nxc5 20. Nf3 Nbxd3 21. cxd3 Bxf3 22. Qxf3 Qd7 23. Qg3 Kh8 24. h4 Rfe8 25. h5 h6 26. Bf4 Nxa4 27. Be5 f6 28. Bxf6 gxf6 29. Qg6 b5 30. Qxh6+ Qh7 31. Qxf6+ Qg7 32. Qc6 Rec8 33. Qe6 Nxb2 34. Rd2 Re8 35. Qd6 Na4 36. f4 Rad8 37. Qxa6 Nc3 38. h6 Qf7 39. Rf2 Ne2+ 40. Kf1 Ng3+ 41. Kg1 Re6 42. Qxb5 Rxh6 43. Qe5+ Kh7 44. Rfa2 Re6 45. Ra7 Rd7 46. Rxd7 Qxd7 47. Qg5 Qg7 48. Qxg7+ Kxg7 49. Ra4 Ne2+ 50. Kf2 Nxf4 51. Rxd4 Rf6 52. Rd7+ Kg6 53. d4 Kg5 54. Kf3 Ng6+ 55. Ke4 Rf2 56. d5 Re2+ 57. Kd4 Rxg2 58. Rf7 Rd2+ 59. Kc5 Ne5 60. Rf1 Nd7+ 61. Kc6 Nf6 62. d6 Kg6 63. Re1 Kf7 64. Re7+ Kf8 65. Re6 Rc2+ 66. Kb7 Nd7 67. Re7 Nf6 68. Re6 Nd7 1/2-1/2

[Event "EU-ch 25th"]
[Site "Eforie Nord"]
[Date "2025.03.16"]
[Round "2"]
[White "Dumbelovic, Novak"]
[Black "Meller, Piotr"]
[Result "1-0"]
[WhiteElo "2232"]
[BlackElo "1972"]
[PlyCount "49"]
[EventDate "2025.03.15"]
[EventType "swiss"]
[EventRounds "11"]
[EventCountry "ROU"]
[SourceTitle "CB13_2025"]
[SourceDate "2025.03.26"]
[SourceVersion "1"]
[SourceVersionDate "2025.03.26"]
[SourceQuality "1"]

1. e4 c5 2. Nf3 Nc6 3. d4 cxd4 4. Nxd4 g6 5. Nc3 Bg7 6. Be3 Nf6 7. Nxc6 bxc6 8. e5 Ng8 9. Bd4 f6 10. f4 Qa5 11. Qd2 fxe5 12. fxe5 c5 13. Bf2 Bxe5 14. Bc4 Rb8 15. Bg3 Bxg3+ 16. hxg3 Nf6 17. 0-0 Ba6 18. Qf4 Rb4 19. Rae1 Rf8 20. Qe5 Ng8 21. Rxf8+ Kxf8 22. Rf1+ Nf6 23. Rxf6+ exf6 24. Qxf6+ Ke8 25. Bf7+ 1-0

[Event "EU-ch 24th"]
[Site "Petrovac"]
[Date "2024.11.08"]
[Round "1"]
[White "Olsen, Filip Boe"]
[Black "Dumbelovic, Novak"]
[Result "1-0"]
[WhiteElo "2470"]
[BlackElo "2123"]
[PlyCount "144"]
[EventDate "2024.11.08"]
[EventType "swiss"]
[EventRounds "11"]
[EventCountry "MNE"]
[SourceTitle "CB47_2024"]
[SourceDate "2024.11.20"]
[SourceVersion "1"]
[SourceVersionDate "2024.11.20"]
[SourceQuality "1"]

1. d4 Nf6 2. c4 e6 3. Bf4 b6 4. a3 Bb7 5. Nc3 Be7 6. d5 d6 7. e4 0-0 8. Bd3 Nbd7 9. Nf3 a6 10. 0-0 e5 11. Be3 c6 12. b4 Rc8 13. dxc6 Bxc6 14. Nd2 Bb7 15. Rc1 Re8 16. Qe2 Nf8 17. Nd5 N6d7 18. Nb3 Ne6 19. g3 a5 20. Nxe7+ Rxe7 21. f3 Re8 22. Qf2 Ng5 23. Qd2 Ne6 24. Be2 a4 25. Na1 Nd4 26. Bxd4 exd4 27. Nc2 f5 28. exf5 d3 29. Qxd3 Ne5 30. Qd4 Nc6 31. Qd2 Qf6 32. Rce1 Kh8 33. Ne3 Qd4 34. Qxd4 Nxd4 35. Bd1 Bc6 36. b5 Bb7 37. g4 Kg8 38. Kf2 Kf7 39. h4 Re7 40. h5 h6 41. Kg3 Re5 42. Kf4 Rce8 43. Ng2 Kf6 44. Re3 Rc8 45. Rfe1 Rxc4 46. Kg3 Rcc5 47. Nh4 Rxe3 48. Rxe3 Re5 49. Rd3 Rd5 50. Re3 Re5 51. Rxe5 dxe5 52. Bxa4 Ne2+ 53. Kf2 Nc3 54. Bb3 Nxb5 55. a4 Nc3 56. Ng2 Bc6 57. Ne3 Bxa4 58. Bxa4 Nxa4 59. Nd5+ Kf7 60. Ke3 Nc5 61. Nxb6 Ke7 62. Nd5+ Kf7 63. Nb4 Kf6 64. Nd5+ Kf7 65. Nc3 Ke7 66. Ne4 Nb3 67. Kd3 Nd4 68. Nd2 Kf6 69. Ke4 Ne2 70. Nb1 Nd4 71. Nc3 Kf7 72. f4 Ke8 1-0

[Event "EU-ch U14"]
[Site "Prague"]
[Date "2024.08.30"]
[Round "8"]
[White "Dumbelovic, Novak"]
[Black "Rudlof, Adam"]
[Result "1-0"]
[WhiteElo "2144"]
[BlackElo "1943"]
[PlyCount "93"]
[EventDate "2024.08.22"]
[EventType "swiss"]
[EventRounds "9"]
[EventCountry "CZE"]
[SourceTitle "CBM 221 Extra"]
[Source "ChessBase"]
[SourceDate "2024.09.30"]
[SourceVersion "1"]
[SourceVersionDate "2024.09.30"]
[SourceQuality "1"]

1. e4 c5 2. Nf3 Nc6 3. d4 cxd4 4. Nxd4 Nf6 5. Nc3 d6 6. Bg5 e6 7. Qd2 a6 8. 0-0-0 Bd7 9. f4 Be7 10. Nf3 b5 11. Bxf6 gxf6 12. Kb1 Rc8 13. Bd3 Na5 14. f5 Nc4 15. Qc1 Na3+ 16. Ka1 b4 17. Ne2 Nb5 18. fxe6 fxe6 19. Qh6 Qa5 20. Nf4 Rc5 21. Nd2 Nd4 22. Kb1 Bb5 23. Nb3 Nxb3 24. cxb3 Bxd3+ 25. Rxd3 Kd7 26. Rhd1 Rg5 27. Qh3 Qe5 28. Qe3 Rc8 29. Rd5 exd5 30. Rxd5 Rc5 31. Rxe5 fxe5 32. Qh3+ Kc6 33. Qc8+ Kb6 34. Qb8+ Kc6 35. Ne6 Rxg2 36. Qc7+ Kb5 37. Qb7+ Ka5 38. Nxc5 Rg1+ 39. Kc2 Rg2+ 40. Kd1 Rg1+ 41. Ke2 dxc5 42. Qxe7 Rg2+ 43. Kf3 Rc2 44. Qxe5 h5 45. Qxh5 Rc1 46. Ke3 Kb5 47. Qd5 1-0

[Event "Belgrade Serbia op"]
[Site "Belgrade"]
[Date "2024.07.18"]
[Round "6"]
[White "Dumbelovic, Novak"]
[Black "Mehmed, Elif"]
[Result "1-0"]
[WhiteElo "2044"]
[BlackElo "2269"]
[PlyCount "73"]
[EventDate "2024.07.12"]
[EventType "swiss"]
[EventRounds "9"]
[EventCountry "SRB"]
[SourceTitle "CBM 221 Extra"]
[Source "ChessBase"]
[SourceDate "2024.09.30"]
[SourceVersion "1"]
[SourceVersionDate "2024.09.30"]
[SourceQuality "1"]

1. e4 c5 2. Nf3 d6 3. d4 cxd4 4. Nxd4 Nf6 5. Nc3 a6 6. Qd3 Nbd7 7. Be2 b5 8. a4 b4 9. Nd5 Bb7 10. 0-0 e6 11. Nxf6+ Qxf6 12. Qe3 g6 13. Bd2 Bg7 14. Nf3 Rc8 15. Bxb4 Qxb2 16. Rab1 Qxc2 17. Rfc1 Qxa4 18. Bxd6 Rxc1+ 19. Rxc1 Bf6 20. Nd2 Bd4 21. Qd3 Ne5 22. Bxe5 Bxe5 23. Nc4 Bf4 24. Nd6+ Kf8 25. Rc7 Qa1+ 26. Bf1 Bxe4 27. Rxf7+ Kg8 28. Nxe4 Kxf7 29. Qd7+ Kf8 30. Nc5 Bxh2+ 31. Kh1 h5 32. Nxe6+ Kg8 33. Kxh2 Qe5+ 34. Kg1 h4 35. Bc4 Qa1+ 36. Kh2 Qe5+ 37. Nf4+ 1-0

[Event "Belgrade Serbia op"]
[Site "Belgrade"]
[Date "2024.07.14"]
[Round "3"]
[White "Masic, Predrag"]
[Black "Dumbelovic, Novak"]
[Result "0-1"]
[WhiteElo "2176"]
[BlackElo "2044"]
[PlyCount "190"]
[EventDate "2024.07.12"]
[EventType "swiss"]
[EventRounds "9"]
[EventCountry "SRB"]
[SourceTitle "CBM 221 Extra"]
[Source "ChessBase"]
[SourceDate "2024.09.30"]
[SourceVersion "1"]
[SourceVersionDate "2024.09.30"]
[SourceQuality "1"]

1. d4 Nf6 2. Nf3 e6 3. e3 c5 4. Bd3 Nc6 5. 0-0 d5 6. b3 Bd6 7. Bb2 0-0 8. Nbd2 Nb4 9. Be2 b6 10. a3 Nc6 11. Bd3 Bb7 12. Ne5 Ne7 13. Qf3 Qc7 14. Qh3 Ng6 15. Ndf3 Bxe5 16. Nxe5 cxd4 17. Nxg6 hxg6 18. exd4 Qf4 19. Rae1 a5 20. a4 Ba6 21. Bxa6 Rxa6 22. Qd3 Raa8 23. Re2 Rac8 24. Qb5 Ng4 25. g3 Qd6 26. Rd1 Qc6 27. Qxc6 Rxc6 28. f3 Nf6 29. Kf2 Rfc8 30. Rdd2 Ne8 31. Ba3 Nc7 32. Rd3 Na6 33. Rdd2 f6 34. h4 Kf7 35. Kg2 Nc7 36. Kf2 Ne8 37. Kg2 f5 38. Rf2 Nf6 39. Rde2 Nh7 40. Bc1 Kf6 41. Bf4 g5 42. hxg5+ Nxg5 43. Bxg5+ Kxg5 44. Rd2 Rc3 45. Rde2 R8c6 46. Kh3 Kf6 47. Kg2 Rc8 48. f4 R8c6 49. Kh3 g6 50. Kh2 Rc7 51. Kg2 R3c6 52. Kh3 g5 53. fxg5+ Kxg5 54. Kg2 Kf6 55. Rd2 Rc3 56. Rde2 Rc8 57. Rd2 Ke7 58. Rde2 Kd6 59. Rd2 Re3 60. Rf3 Re1 61. Rf1 Re4 62. Rf3 Rg4 63. Rf4 Rc3 64. Rxg4 fxg4 65. Re2 Kd7 66. Kh2 Ke7 67. Kg2 Rf3 68. Re1 Kd6 69. Re2 Rc3 70. Kf2 e5 71. Rxe5 Rxc2+ 72. Re2 Rc1 73. Re1 Rc7 74. Re3 Rf7+ 75. Ke2 Rh7 76. Kd3 Rh1 77. Kd2 Rg1 78. Kc2 Rg2+ 79. Kc3 Kc6 80. Re6+ Kb7 81. Re3 b5 82. axb5 Kb6 83. Re6+ Kxb5 84. Re3 Rf2 85. Rd3 Re2 86. Rd2 Rxd2 87. Kxd2 Kb4 88. Kc2 a4 89. bxa4 Kxa4 90. Kc3 Ka3 91. Kd2 Kb2 92. Kd3 Kb3 93. Ke3 Kc4 94. Kf4 Kxd4 95. Kxg4 Kc3 0-1